MDQL
is popping MORE tags! Check the
thread
!
Quizzes
Events
Quiz Creation
Community
Videos
Private Events
Remove Ads
Sign In
Join for FREE
Feedback
Dark Mode
Quiz Categories
Sports
Geography
Music
Movies
Television
Just For Fun
Miscellaneous
History
Literature
Language
Science
Gaming
Entertainment
Religion
Holiday
For Kids
Quiz Lab
Recent
Popular Today
Quiz Kudos Today
Editor Picks
Curator Picks
Quizzes by...
Day
Popularity
Type
Ratings
Length
Year
Community
Subscriptions
Recent Discussions
Orange Saloon
Badges
Playlists
Quests
Create
Leaderboards
Showdown
Live 5
Trivia Bingo
Activity
Puzzle Library
Sporcle Events
Private Events
Virtual Trivia
Globe League
Become a Host
Pub Owners
SporcleCon
Opinionation
Our Games
Videos
Blog
Mobile Apps
Partnerships
Remove Ads and Go Orange
Feedback
Sports
Athletes
MLB
NBA
NHL
NFL
Soccer
Sports Teams
WWE
NCAA
Football
Premier League
Basketball
Baseball
Hockey
Golf
Tennis
Cricket
Rugby
Auto Racing
Olympics
World Cup
Sports
Athletes
MLB
NBA
NHL
NFL
Soccer
Sports Teams
WWE
NCAA
Football
Premier League
Basketball
Baseball
Hockey
Golf
Tennis
Cricket
Rugby
Auto Racing
Olympics
World Cup
Random Quiz
Search Sporcle
×
Quiz Lab
Quiz Lab
Sports
Sports Teams
Type in answers that appear in a list
Type in answers that appear in a list
Classic
Best Score? Go Orange.
Team Trek-Segafredo 2016 Stats
Can you name the lineup of team Trek-Segafredo 2016?
By
simonfolkesson
5m
25 Questions
76 Plays
76 Plays
76 Plays
Comments
Comments
Give Quiz Kudos
Give Quiz Kudos
-
- Ratings
hide this ad
Replay
Link that replays current quiz
Next Quiz
Link to next quiz in quiz playlist
You Got
0%
They Got
Avg Score
74%
Avg Friend Score
Upgrade to see
Score Distribution
Jump to the score distribution portion of the page
Score
0/25
Timer
05:00
0
Plays Today
Nationality
Rider
% Correct
Switzerland
Fabian Cancellara
100%
Canada
Ryder Hesjedal
96.1%
Italy
Giacomo Nizzolo
96.1%
Luxembourg
Fränk Schleck
94.7%
Netherlands
Bauke Mollema
93.4%
Colombia
Julian Arredondo
92.1%
Belgium
Stijn Devolder
92.1%
Ukraine
Yaroslav Popovych
90.8%
Spain
Haimar Zubeldia
90.8%
Japan
Beppu Fumiyuki
80.3%
Switzerland
Gregory Rast
76.3%
Belgium
Jasper Stuyven
76.3%
Luxembourg
Laurent Didier
73.7%
Nationality
Rider
% Correct
Belgium
Edward Theuns
73.7%
Italy
Fabio Felline
72.4%
Netherlands
Boy Van Poppel
69.7%
Austria
Riccardo Zoidl
68.4%
Italy
Niccolo Bonifazio
63.2%
Spain
Markel Irizar
60.5%
France
Julien Bernard
56.6%
USA
Peter Stetina
55.3%
Italy
Eugenio Alafaci
50%
Australia
Jack Bobridge
50%
Italy
Marco Coledan
44.7%
USA
Kiel Reijnen
44.7%
Quiz Playlist
Details
Report
Send in Message
Add To Playlist
Classic:
Type in answers that appear in a list
Last Updated: Feb 16, 2017
Quiz Scoreboard
CHALLENGE
Sign Up to Join the Scoreboard
Show All
Scores
Hide
Comments
May contain spoilers
Recently Published
Two Season TV Shows II
by 123Four
Television
10m
Image Sorting: Flags VI
by Barbecue
Geography
2m
Find the 'City' Movie
by crazypaving
Movies
60s
More to Explore
Quiz From the Vault
Featured Blog Post
14 Easter Pick-up Lines to Find Eggs With
hide this ad
You Might Also Like...
Tags
Sports Teams Quiz
Cycle
Cycling
Cycling Team
First Team
team
Team Names
uci
UCI Cycling
UCI Overall
UCI Road
Today's Top Quizzes in Sports
Browse Sports
hide this ad
Today's Top Quizzes in Sports Teams
Browse Sports Teams
Top Contributed Quizzes in Sports
1
Les meilleurs buteurs des matchs entre le PSG et l’OM
2
Les entraîneurs de l'OM et du PSG au 21e siècle
3
2022 World Cup Stars
4
Les joueurs passés par le PSG et l'OM
5
Players with Multiple 50 Home Run Seasons
6
FIFA Club World Cup Champions
7
Criteria MLB: Left Handed Sluggers
8
Les joueurs passés par le LOSC et le RC Lens
9
Top 10 NHL Goal Scorers of All Time
10
MLB Players with Two .350 Batting Average Seasons
Explore More
Trending Topics
Disney
Harry Potter
Anime
Marvel
Crossword
Kpop
NBA
Puzzle
Pokémon
The Office
Country
Soccer
NFL
Song
WWE
hide this ad
More By:
simonfolkesson
Quiz
Plays
Rating
Category
Featured
Created
Cycling 2019: Spring Classics
3,063
5.00
Sports
May 5, 2019
Cycling 2017: Winners of the World Tour
2,762
5.00
Sports
Mar 14, 2017
Cycling 2018: Spring Classics
1,478
5.00
Sports
Apr 25, 2018
Cycling 2017: Monuments
1,161
5.00
Sports
Apr 17, 2017
Cycling 2017: Spring Classics
964
5.00
Sports
Feb 28, 2017
Go to Creator's Profile
Score Distribution
Quiz Creator Spotlight
simonfolkesson
Follow
Send a Message
Quizzes Created
-
Created Quiz Play Count
-
More By This Creator
Popular Quizzes Today
1
Find the US States - No Outlines Minefield
2
Colored Red Africa Blitz
3
Find the 'City' Movie
4
5x2 Blitz: Bands
5
The Countries of the World
6
Find the Countries of Europe - No Outlines Minefield
7
Find the US States
8
US States
More Sports Quizzes
Andre Iguodala's Top Scoring teammates per season
Quiz Lab
Trending Quizzes
Colored Red Europe Blitz I
Colored Red Africa Blitz II
Colored Red Europe Blitz II
Colored Red Africa Blitz III
Colored Red Europe Blitz III
Recently Updated
How Do You Spell That?
pecheneg
Godzilla Movies
pecheneg
Grab Bag: 4-10 Letters
pecheneg
2024 March Madness Bracket
pecheneg
Famous TV Couples
Peacemaker
Champions League XIs: Real Madrid
pecheneg
Largest US Cities 1790-2010
pecheneg
Rides in Walt Disney World
pecheneg
Most Oscar Losses (Acting)
pecheneg
Beyoncé Albums
pecheneg
Trending Topics
NBA
Harry Potter
Disney
Marvel
Anime
Crossword
Kpop
The Office
Pokémon
Country
Soccer
NFL
Puzzle
WWE
Song
Your Account Isn't Verified!
In order to create a playlist on Sporcle, you need to verify the email address you used during registration. Go to your
Sporcle Settings
to finish the process.
Report this User
Report this user for behavior that violates our
Community Guidelines
.
Details:
Send Report
Go to the Sporcle.com Mobile Site →
Comments